00578nam a2200145 i 4500001000700000003000900007005001700016008004100033040003000074100003200104245010600136260006900242300002100311852010000332164178ES-MaACL20240424063058.0991119s1900 sp |||| | spa d aCCPB | B bspa cCCPB | B1 aRuimar, Cándido,dn. 186210aBotones de fuego b: sonetos inspirados en la guerra hispano-americana / cCándido Ruiz Martínez. aMadrid : b[s.n.], c1900 (fEst. tipográfico de Ricardo Fé) a54 p. ; c19 cm. aES-MaACLjT-1014-F-5 z-- Enc. hol., conservando la cub. original z-- Enc. en un vol. facticio